| 000 | 00776cab a2200193 4500 | ||
|---|---|---|---|
| 001 | ##L131554 | ||
| 008 | 051115n2005 000 0 eng u | ||
| 035 | _a(Sirsi) u131554 | ||
| 041 | 0 | _aeng | |
| 100 | 1 | _aRalph, Oliver | |
| 245 | 0 | 0 | _aSitting on a goldmine |
| 260 | _c2005 | ||
| 490 | 0 |
_aInvestors Chronicle _v154(1960) 4 November 2005, 22-25(4) |
|
| 520 | _aExamines the way in which some companies hold onto assets they don't need (eg owning commercial premises instead of renting, money in the form of net debts, etc) and suggests that the release of these assets would lead to an increase in the shareholders' dividend. | ||
| 650 | 2 | 4 | _aASSET MANAGEMENT |
| 690 | _aPROPERTY-BUSINESS ASSETS-TANGIBLE BUSINESS ASSETS | ||
| 700 | 1 | _aCampbell, Kirsty | |
| 942 | _n0 | ||
| 999 |
_c76164 _d76164 |
||